Quizzes
Events
Quiz Creation
Community
Videos
Private Events
Remove Ads
Sign In
Join for FREE
Feedback
Dark Mode
Quiz Categories
Sports
Geography
Music
Movies
Television
Just For Fun
Miscellaneous
History
Literature
Language
Science
Gaming
Entertainment
Religion
Holiday
For Kids
Quiz Lab
Recent
Popular Today
Quiz Kudos Today
Editor Picks
Curator Picks
Quizzes by...
Day
Popularity
Type
Ratings
Length
Year
Community
Subscriptions
Recent Discussions
Orange Saloon
Badges
Playlists
Quests
Create
Leaderboards
Showdown
Live 5
Trivia Bingo
Activity
Puzzle Library
Sporcle Events
Private Events
Virtual Trivia
Globe League
Become a Host
Pub Owners
SporcleCon
Opinionation
Our Games
Videos
Blog
Mobile Apps
Partnerships
Remove Ads and Go Orange
Feedback
Sports
Athletes
MLB
NBA
NHL
NFL
Soccer
Sports Teams
WWE
NCAA
Football
Premier League
Basketball
Baseball
Hockey
Golf
Tennis
Cricket
Rugby
Auto Racing
Olympics
World Cup
Sports
Athletes
MLB
NBA
NHL
NFL
Soccer
Sports Teams
WWE
NCAA
Football
Premier League
Basketball
Baseball
Hockey
Golf
Tennis
Cricket
Rugby
Auto Racing
Olympics
World Cup
Random Quiz
Search Sporcle
×
Quiz Lab
Quiz Lab
Sports
team
Type in answers that appear in a list
Type in answers that appear in a list
Classic
Best Score? Go Orange.
WHA Teams Stats
Can you name the Teams of the WHA (1972-79)?
By
y2jdilemma
7m
24 Questions
1,162 Plays
1,162 Plays
1,162 Plays
Comments
Comments
Give Quiz Kudos
Give Quiz Kudos
-
- Ratings
hide this ad
Replay
Link that replays current quiz
Next Quiz
Link to next quiz in quiz playlist
You Got
0%
They Got
Avg Score
63%
Avg Friend Score
Upgrade to see
Score Distribution
Jump to the score distribution portion of the page
Score
0/24
Timer
07:00
0
Plays Today
Years
Team
% Correct
1972-
79
Alberta/Edmonton Oilers
96.5%
1972-
79
New England/Hartford Whalers
96%
1972-
79
Winnipeg Jets
93.5%
1972-
79
Quebec Nordiques
90.8%
1972-
78
Houston Aeros
79%
1974-
78
Indianapolis Racers
76%
1976-
79
Birmingham Bulls
66.4%
1975-
79
Cincinnati Stingers
65.9%
1972-
77
Minnesota Fighting Saints
65.9%
1973-
76
Toronto Toros
65.5%
1972-
73|
73-
75
Philadelphia/Vancouver Blazers
63%
1972-
73
New York Raiders/Golden Blades
62.5%
Years
Team
% Correct
1972-
74
Los Angeles Sharks
61.8%
1975-
77
Calgary Cowboys
59.9%
1972-
75
Chicago Cougars
57.7%
1972-
76
Cleveland Crusaders
55.9%
1974-
77
Phoenix Roadrunners
54.3%
1975
Baltimore Blades
51.5%
1973-
74
New Jersey Knights
50.7%
1972-
73
Ottawa Nationals
49.2%
1974-
77
San Diego Mariners
46.9%
1974-
75
Michigan Stags
44.6%
1976
Ottawa Civics
41.1%
1975-
76
Denver Spurs
40.7%
Quiz Playlist
Details
Report
Send in Message
Add To Playlist
Classic:
Type in answers that appear in a list
Last Updated: Feb 16, 2017
Quiz Scoreboard
CHALLENGE
Sign Up to Join the Scoreboard
Show All
Scores
Hide
Comments
May contain spoilers
Recently Published
9x9 Crossword: Cartoon Network
by jackfrog10
Miscellaneous
3m
College Basketball Coaching Resumes
by pancakes188
Sports
9m
Billboard Blitz: Fleetwood Mac
by CooCooCachoo
Music
15s
More to Explore
Quiz From the Vault
Featured Blog Post
Where Did the Easter Bunny Come From?
hide this ad
You Might Also Like...
Tags
1972
team
WHA
Today's Top Quizzes in Sports
Browse Sports
hide this ad
Today's Top Quizzes in team
Browse team
Top Contributed Quizzes in Sports
1
2022 World Cup Stars
2
Les meilleurs buteurs des matchs entre le PSG et l’OM
3
FIFA Club World Cup Champions
4
Les entraîneurs de l'OM et du PSG au 21e siècle
5
Criteria MLB: Left Handed Sluggers
6
AFC Teams Reveal (Wrong Answers Minefield)
7
2023 MLB Unique Player Accomplishments
8
5-to-1: FBS Animal Nicknames
9
Players with Multiple 50 Home Run Seasons
10
5-to-1: UK Sports Teams
Explore More
Trending Topics
Kpop
Harry Potter
Disney
Crossword
Marvel
NBA
Anime
WWE
Pokémon
Country
Song
NFL
Puzzle
Soccer
The Office
hide this ad
More By:
y2jdilemma
Quiz
Plays
Rating
Category
Featured
Created
A-Z Premier League top goalscorers
5,926
4.05
Sports
Nov 6, 2009
WHA Teams
1,162
4.29
Sports
Nov 6, 2009
A-Z NHL Goal Scorers
529
5.00
Sports
Oct 9, 2009
Teams of the USFL
318
4.75
Sports
Oct 2, 2009
8+ time Stanley Cup Winners
244
5.00
Sports
Oct 2, 2009
Go to Creator's Profile
Score Distribution
Quiz Creator Spotlight
y2jdilemma
Follow
Send a Message
Quizzes Created
-
Created Quiz Play Count
-
More By This Creator
Popular Quizzes Today
1
Find the US States - No Outlines Minefield
2
Find the Countries of Europe - No Outlines Minefield
3
The Countries of the World
4
Find the US States
5
Risky Map Clicking: Biggest States A-Z
6
US States
7
Popular People in 1961
8
Movies - When Are They Set?
More Sports Quizzes
Champions League Goalscorers: Tottenham
Quiz Lab
Trending Quizzes
Risky Map Clicking: Least Populous States A-Z
1-10 Letter G Words
1-10 Letter F Words
Risky Map Clicking: Next State Alphabetically
Adjectives in 80s TV Shows
Recently Updated
Leaping Animals
pecheneg
Reality TV Shows (A-Z)
bhenderson79
Rickey Henderson's Hall of Fame Teammates
pecheneg
Champions League XIs: Arsenal
pecheneg
Quick Pick: Celebrities in WWE's Hall of Fame
aduchscher
A-Z Keypad Blitz II
pecheneg
Multiple Oscar Actors
pecheneg
Mystery Phrase Blitz: Oscar 'Best Actors'
pecheneg
F. Scott Fitzgerald Novels
LTH
Pick 3 Villains
ddd62291
Trending Topics
Crossword
Disney
Kpop
Marvel
Harry Potter
Anime
NBA
WWE
Song
NFL
Soccer
Puzzle
Country
Pokémon
The Office
Your Account Isn't Verified!
In order to create a playlist on Sporcle, you need to verify the email address you used during registration. Go to your
Sporcle Settings
to finish the process.
Report this User
Report this user for behavior that violates our
Community Guidelines
.
Details:
Send Report
Go to the Sporcle.com Mobile Site →
Comments